| 000 | 00921nam a2200205Ii 4500 | ||
|---|---|---|---|
| 003 | JO-AjNU | ||
| 008 | 230605s9999||||xx |||||||||||||| ||und|| | ||
| 017 | _a2001/4/741 | ||
| 040 |
_aJO-AjNU _bara _erda _cJO-AjNU |
||
| 041 | _aara | ||
| 050 | 1 | 4 | _aHF5626.M87.2000 |
| 100 | 3 |
_aلجنة معايير المحاسبة الدولية, _eauthor _928467 |
|
| 245 | 0 | 0 | _aمعايير المحاسبة الدولية 2000 : النص الكامل لكافة معايير المحاسبة الدولية، والتفسيرات الصادرة عن لجنة التفسيرات الدائمة القائمة في 1 يناير 2000 |
| 264 | 3 | 1 | _aعمان: جمعية المجمع العربي للمحاسبين القانونيين، 2000 |
| 300 | _a1265ص | ||
| 336 |
_atext _btxt _2rdacontent |
||
| 337 |
_aunmediated _bn _2rdamedia |
||
| 338 |
_avolume _bnc _2rdacarrier |
||
| 650 | 4 |
_a المحاسبة الدولية _928468 |
|
| 999 |
_aA11045 _c14613 _d14613 |
||